000 00644cam a2200241 04500
001 44750
021 _b20827/88
090 _a44750
100 _a19880404d1988 demy0pory5003 ba
101 1 _apor
102 _aPT
200 1 _aA Bizantina
_fGilles Chaillet
_gtrad. Verónica Cunha
210 9 _aPorto
_cEdinter,
_d1988
215 _a48 p.
_ctodo il.
_d30 cm
225 2 _aVasco
_v3
300 _aUma história do jornal TinTin
675 _a087.5
_vmed
_zpor
700 1 _aChaillet,
_bGilles,
_f1946-
702 1 _aCunha,
_bVerónica
_4730
702 1 _aPatrícia,
_bIsabel
_4010
702 1 _aRocha,
_bMartins da
_4010
801 0 _aPT
_bBN
_gRPC
990 _cLIVROS